| 000 | 00392nam a2200169Ia 4500 | ||
|---|---|---|---|
| 008 | 230524s9999 xx 000 0 und d | ||
| 020 | _a9780074601266 | ||
| 082 |
_a331.741 _bGUP |
||
| 100 | _aG S Gupta | ||
| 245 | 0 | _aManagerial Economics | |
| 250 | _a31ST | ||
| 260 |
_aNEW DELHI _bTMH _c2008 |
||
| 300 | _aX;260 | ||
| 500 | _aQuantity Number: 10 | ||
| 650 | _aEconomics | ||
| 942 | _cBK | ||
| 999 |
_c43619 _d43619 |
||